书目信息 |
| 题名: |
公职人员廉政教育手册
|
|
| 作者: | 本书编写组编写 | |
| 分册: | ||
| 出版信息: | 北京 中国方正出版社 2019 |
|
| 页数: | 270页 | |
| 开本: | 24cm | |
| 丛书名: | ||
| 单 册: | ||
| 中图分类: | D630.9-62 | |
| 科图分类: | ||
| 主题词: | 国家机关工作人员--廉政建设--中国--手册 | |
| 电子资源: | ||
| ISBN: | 978-7-5174-0677-8 | |
| 000 | 00825nam0 2200217 450 | |
| 001 | 0104817442 | |
| 005 | 20191111174520.0 | |
| 010 | @a978-7-5174-0677-8@dCNY42.00 | |
| 100 | @a20190605d2019 em y0chiy0120 ea | |
| 101 | 0 | @achi |
| 102 | @aCN@b110000 | |
| 105 | @ay z 000yy | |
| 106 | @ar | |
| 200 | 1 | @a公职人员廉政教育手册@9Gong Zhi Ren Yuan;Yun Lian Zheng Jiao Yu;Yo Shou Ce @f本书编写组编写@b专著 |
| 210 | @a北京@c中国方正出版社@d2019 | |
| 215 | @a270页@d24cm | |
| 330 | @a本书依据党章党规党纪和国家法律法规,从政治纪律和政治规矩、廉洁从政从业、依法履职、组织人事、生活社交等五个方面,梳理了党员干部、公职人员廉洁从政从业过程中可能遇到的140多个问题和风险点。 | |
| 606 | 0 | @a国家机关工作人员@x廉政建设@y中国@j手册 |
| 690 | @aD630.9-62@v5 | |
| 801 | 2 | @aCN@bOLCC@c20190522 |
| 905 | @aBZT@dD630.9-62@e1@f2@sD630.9-62/1 | |
| 公职人员廉政教育手册/本书编写组编写.-北京:中国方正出版社,2019 |
| 270页;24cm |
| ISBN 978-7-5174-0677-8:CNY42.00 |
| 本书依据党章党规党纪和国家法律法规,从政治纪律和政治规矩、廉洁从政从业、依法履职、组织人事、生活社交等五个方面,梳理了党员干部、公职人员廉洁从政从业过程中可能遇到的140多个问题和风险点。 |
| ● |
| 相关链接 |
|
|
|
正题名:公职人员廉政教育手册
索取号:D630.9-62/1
 
预约/预借
| 序号 | 登录号 | 条形码 | 馆藏地/架位号 | 状态 | 备注 |
| 1 | 2000030995 | 2000030995 | 旧书回溯/ [索取号:D630.9-62/1] | 在馆 | |
| 2 | 2000031017 | 2000031017 | 旧书回溯/ [索取号:D630.9-62/1] | 在馆 |